00313nam a2200109Ia 4500008004100000082000800041100001700049245002100066942000600087952009500093999001500188240331s9999 xx 000 0 und d bSAP aSapramadu, R 0aSinhala gahaniya cL 001040708LaWERCLbWERCLcSSCd2024-03-31l0o 305 SAPp5459r2024-03-31w2024-03-31yL c1507d1507